<?xml version="1.0" encoding="UTF-8"?>
<record
    xmlns:xsi="http://www.w3.org/2001/XMLSchema-instance"
    xsi:schemaLocation="http://www.loc.gov/MARC21/slim http://www.loc.gov/standards/marcxml/schema/MARC21slim.xsd"
    xmlns="http://www.loc.gov/MARC21/slim">

  <leader>01592nam a2200301Ia 4500</leader>
  <datafield tag="952" ind1=" " ind2=" ">
    <subfield code="0">0</subfield>
    <subfield code="1">0</subfield>
    <subfield code="2">ddc</subfield>
    <subfield code="4">0</subfield>
    <subfield code="7">0</subfield>
    <subfield code="a">22</subfield>
    <subfield code="b">22</subfield>
    <subfield code="d">2010-12-07</subfield>
    <subfield code="l">0</subfield>
    <subfield code="o">QA76.73C15 L67 2009</subfield>
    <subfield code="p">17 001183</subfield>
    <subfield code="r">2023-08-01</subfield>
    <subfield code="t">2</subfield>
    <subfield code="w">2012-06-26</subfield>
    <subfield code="y">LB</subfield>
    <subfield code="f"></subfield>
  </datafield>
  <datafield tag="952" ind1=" " ind2=" ">
    <subfield code="0">0</subfield>
    <subfield code="1">0</subfield>
    <subfield code="2">lcc</subfield>
    <subfield code="4">0</subfield>
    <subfield code="7">0</subfield>
    <subfield code="a">20</subfield>
    <subfield code="b">20</subfield>
    <subfield code="d">2013-03-07</subfield>
    <subfield code="l">0</subfield>
    <subfield code="o">QA7673C15 L66</subfield>
    <subfield code="p">20 001416</subfield>
    <subfield code="r">2013-03-07</subfield>
    <subfield code="t">1</subfield>
    <subfield code="w">2013-03-07</subfield>
    <subfield code="y">LB</subfield>
  </datafield>
  <datafield tag="952" ind1=" " ind2=" ">
    <subfield code="0">0</subfield>
    <subfield code="1">0</subfield>
    <subfield code="4">0</subfield>
    <subfield code="7">0</subfield>
    <subfield code="a">19</subfield>
    <subfield code="b">19</subfield>
    <subfield code="d">2016-04-07</subfield>
    <subfield code="l">0</subfield>
    <subfield code="o">QA76.73C15 L64</subfield>
    <subfield code="p">19 000793</subfield>
    <subfield code="r">2013-09-17</subfield>
    <subfield code="t">1</subfield>
    <subfield code="w">2013-09-17</subfield>
    <subfield code="y">LB</subfield>
  </datafield>
  <datafield tag="952" ind1=" " ind2=" ">
    <subfield code="0">0</subfield>
    <subfield code="1">0</subfield>
    <subfield code="2">lcc</subfield>
    <subfield code="4">0</subfield>
    <subfield code="7">0</subfield>
    <subfield code="a">12</subfield>
    <subfield code="b">12</subfield>
    <subfield code="d">2018-04-19</subfield>
    <subfield code="l">0</subfield>
    <subfield code="o">QA76.73C15 L66</subfield>
    <subfield code="p">12 004409</subfield>
    <subfield code="r">2018-04-19</subfield>
    <subfield code="t">1</subfield>
    <subfield code="w">2018-04-19</subfield>
    <subfield code="y">LB</subfield>
  </datafield>
  <datafield tag="952" ind1=" " ind2=" ">
    <subfield code="0">0</subfield>
    <subfield code="1">0</subfield>
    <subfield code="4">0</subfield>
    <subfield code="7">0</subfield>
    <subfield code="a">08</subfield>
    <subfield code="b">08</subfield>
    <subfield code="d">2018-11-05</subfield>
    <subfield code="l">1</subfield>
    <subfield code="o">QA76.73C15 L66</subfield>
    <subfield code="p">08 006784</subfield>
    <subfield code="r">2021-08-27</subfield>
    <subfield code="s">2020-02-27</subfield>
    <subfield code="t">1</subfield>
    <subfield code="w">2018-11-05</subfield>
    <subfield code="y">LB</subfield>
  </datafield>
  <datafield tag="999" ind1=" " ind2=" ">
    <subfield code="c">73685</subfield>
    <subfield code="d">73685</subfield>
  </datafield>
  <controlfield tag="005">20231102151123.0</controlfield>
  <controlfield tag="008">180419s    2009ag a|||| |||| 00| 0 spa d</controlfield>
  <datafield tag="020" ind1=" " ind2=" ">
    <subfield code="a">9789872311391</subfield>
  </datafield>
  <datafield tag="050" ind1="0" ind2="4">
    <subfield code="a">QA76.73C15</subfield>
    <subfield code="b">L66</subfield>
  </datafield>
  <datafield tag="100" ind1="1" ind2=" ">
    <subfield code="a">L&#xF3;pez, Gustavo</subfield>
    <subfield code="e">autor</subfield>
  </datafield>
  <datafield tag="245" ind1="1" ind2="0">
    <subfield code="a">An&#xE1;lisis y dise&#xF1;o de algoritmos</subfield>
    <subfield code="b"> : implementaciones en C y Pascal</subfield>
    <subfield code="n"> / Gustavo L&#xF3;peznes</subfield>
  </datafield>
  <datafield tag="260" ind1=" " ind2=" ">
    <subfield code="a">Argentina </subfield>
    <subfield code="b"> : Alfaomega</subfield>
    <subfield code="c">, 2009</subfield>
  </datafield>
  <datafield tag="300" ind1=" " ind2=" ">
    <subfield code="a">xxiii, 309 p&#xE1;ginas</subfield>
  </datafield>
  <datafield tag="500" ind1=" " ind2=" ">
    <subfield code="a">Informaci&#xF3;n del contenido de la p&#xE1;gina web e &#xED;ndice anal&#xED;tico Resumen, problemas propuestos y resueltos y contenido de la p&#xE1;gina web de apoyo</subfield>
  </datafield>
  <datafield tag="504" ind1=" " ind2=" ">
    <subfield code="a">Incluye: Bibliograf&#xED;a (p. 307) </subfield>
  </datafield>
  <datafield tag="505" ind1=" " ind2=" ">
    <subfield code="a">Introducci&#xF3;n a la programaci&#xF3;n estructurada
Datos y sentencias simples. Operaciones de entrada y salida
Subrutinas
Complejidad algor&#xED;tmica. M&#xE9;todos de ordenamiento y b&#xFA;squeda
Estructuras y tablas
Archivos
Claves e &#xED;ndices
Recurrencia
Memor&#xED;a din&#xE1;mica y manejo de punteros</subfield>
  </datafield>
  <datafield tag="519" ind1=" " ind2=" ">
    <subfield code="a">Plan Flexible / </subfield>
    <subfield code="b">Tecnolog&#xED;as de la Informaci&#xF3;n / </subfield>
    <subfield code="c">An&#xE1;lisis y dise&#xF1;o de algoritmos inform&#xE1;ticos / </subfield>
    <subfield code="d">(17 004409, 17 001183)</subfield>
  </datafield>
  <datafield tag="519" ind1=" " ind2=" ">
    <subfield code="a">Material Complementario /</subfield>
    <subfield code="b">Inform&#xE1;tica /</subfield>
  </datafield>
  <datafield tag="519" ind1=" " ind2=" ">
    <subfield code="a">Flexible /</subfield>
    <subfield code="b">Tecnolog&#xED;as de la informaci&#xF3;n /</subfield>
    <subfield code="c">An&#xE1;lisis Y Dise&#xF1;o De Algoritmos Inform&#xE1;ticos(B22-1) /</subfield>
    <subfield code="d">(19 000793)</subfield>
  </datafield>
  <datafield tag="519" ind1=" " ind2=" ">
    <subfield code="a">Material Complementario /</subfield>
    <subfield code="d">(12 004409)</subfield>
  </datafield>
  <datafield tag="519" ind1=" " ind2=" ">
    <subfield code="a">Material Complementario /</subfield>
    <subfield code="d">(20 001416)</subfield>
  </datafield>
  <datafield tag="650" ind1="1" ind2="4">
    <subfield code="a">LENGUAJE DE PROGRAMACI&#xD3;N PARA COMPUTADORAS</subfield>
  </datafield>
  <datafield tag="650" ind1="2" ind2="4">
    <subfield code="a">PASCAL</subfield>
  </datafield>
  <datafield tag="650" ind1="2" ind2="4">
    <subfield code="a">ALGORITMOS</subfield>
  </datafield>
  <datafield tag="700" ind1="1" ind2=" ">
    <subfield code="a">Jeder, Ismael</subfield>
    <subfield code="e">autor</subfield>
  </datafield>
  <datafield tag="700" ind1="1" ind2=" ">
    <subfield code="a">Vega, Augusto</subfield>
    <subfield code="e">autor</subfield>
  </datafield>
  <datafield tag="942" ind1=" " ind2=" ">
    <subfield code="c">LB</subfield>
    <subfield code="2">lcc</subfield>
  </datafield>
</record>
